00602nam a2200217Ia 4500008004000000041000800040082001200048100001700060245004200077260004600119300001300165650001500178650000700193650001100200650000800211650001000219690001100229906001100240999001900251952011400270210210b1956 xxu||||| |||| 00| 0 eng d aeng a580/105 aGAMBLE (J S) aFlora of the presidency of Madras III aCalcuttabBotanical Survey of Indiac1956 a943-1389 apresidency aof aMadras aIII aFlora aBotany a010369 c138137d138137 001040708BotanyaALbALcBotanyd2021-02-17g0.00l0o580/105p010369r2021-02-17 00:00:00w2021-02-17yBK